Score 0/30 Timer 04:00
1 Play Today
Clue 5-Letter Word % Correct
HumorousFUNNY
97.2%
Desirable picnic forecastSUNNY
94.2%
'_____, I Shrunk The Kids'HONEY
94%
Golfer's assistantCADDY
92.5%
SweetsCANDY
92.3%
Peter Pan's palWENDY
89.8%
Precedes 'Steady, Go'READY
89.6%
____ TurvyTOPSY
89.4%
Legal tenderMONEY
86.3%
BlusteryWINDY
85%
Slightly inebriatedTIPSY
85%
Close palBUDDY
84.8%
BacksideFANNY
81.9%
ElatedHAPPY
81.9%
Villainous roleBADDY
80.6%
Clue 5-Letter Word % Correct
Full of unwanted plantsWEEDY
80.6%
Mork's partnerMINDY
78.4%
High-pitched annoying voiceREEDY
75.2%
Flower child (var)HIPPY
75.1%
Helen, who sang 'I Am Woman'REDDY
73.6%
Patinkin or Moore, perhapsMANDY
73.5%
Having a healthy reddish complexionRUDDY
73.5%
Ornate; not plainFANCY
72.9%
Easily accessibleHANDY
72.7%
Word with tappy, toes or AgogoTIPPY
72.5%
Sibling of Flopsy and PeterMOPSY
71.9%
Brooding, dejectedMOPEY
69.1%
Tiger Woods' longtime instructor HankHANEY
68.5%
Foppish fellowDANDY
65%
'Black Hawk Down' actor HughDANCY
57.1%

Today's Daily Dose

Missing Word
I Hardly Know Her!

Word Ladder
Sentence Ending

Quick Pick
Female Firsts

Get the Picture
Triathlon Sports

Remove Ads.
Support Sporcle.
Get the best of Sporcle when you Go Orange. This ad-free experience offers more features, more stats, and more fun while also helping to support Sporcle. Thank you for becoming a member.

You're not logged in!

Compare scores with friends on all Sporcle quizzes.
OR
Log In

Show Comments

Extras

Top Quizzes Today


Score Distribution

Your Account Isn't Verified!

In order to create a playlist on Sporcle, you need to verify the email address you used during registration. Go to your Sporcle Settings to finish the process.

Report this User

Report this user for behavior that violates our Community Guidelines.

Details: